[Event "Kaluga Tsiolkovsky Memorial op"]
[Site "Kaluga"]
[Date "2016.08.14"]
[Round "8"]
[White "Danielian, Manvel"]
[Black "Mukhtarov, Firgan"]
[Result "1/2-1/2"]
[WhiteElo "1352"]
[BlackElo "1082"]
[PlyCount "25"]
[EventDate "2016.08.06"]
[EventType "swiss"]
[EventRounds "9"]
[EventCountry "RUS"]
[SourceTitle "CBM 174 Extra"]
[Source "ChessBase"]
[SourceDate "2016.10.10"]
[SourceVersion "1"]
[SourceVersionDate "2016.10.10"]
[SourceQuality "1"]

1. e4 e5 2. Nf3 d6 3. h3 Nf6 4. Nc3 c5 5. Bb5+ Nbd7 6. d3 a6 7. Bxd7+ Bxd7 8. Bg5 Be7 9. 0-0 0-0 10. Qd2 Rc8 11. Bxf6 Bxf6 12. b3 b5 13. Nd1 1/2-1/2

[Event "Kaluga Tsiolkovsky Memorial op"]
[Site "Kaluga"]
[Date "2016.08.13"]
[Round "7"]
[White "Danielian, Artem"]
[Black "Mukhtarov, Firgan"]
[Result "0-1"]
[WhiteElo "1295"]
[BlackElo "1082"]
[PlyCount "60"]
[EventDate "2016.08.06"]
[EventType "swiss"]
[EventRounds "9"]
[EventCountry "RUS"]
[SourceTitle "CBM 174 Extra"]
[Source "ChessBase"]
[SourceDate "2016.10.10"]
[SourceVersion "1"]
[SourceVersionDate "2016.10.10"]
[SourceQuality "1"]

1. e4 c5 2. Nf3 Nc6 3. Nc3 e5 4. Bb5 a6 5. Bxc6 dxc6 6. Nxe5 Nf6 7. Nf3 Be7 8. d3 0-0 9. 0-0 Be6 10. Be3 c4 11. Na4 cxd3 12. Qxd3 Qxd3 13. cxd3 Rad8 14. Rfd1 Ng4 15. Bc5 Rfe8 16. Bxe7 Rxe7 17. Nc5 h6 18. h3 Nf6 19. e5 Nd5 20. Nxe6 Rxe6 21. d4 f6 22. exf6 Nxf6 23. Rd3 c5 24. Rad1 Red6 25. d5 Rxd5 26. Rxd5 Rxd5 27. Rxd5 Nxd5 28. Nd2 b5 29. b3 Nc3 30. a3 a5 0-1

[Event "Kaluga Tsiolkovsky Memorial op"]
[Site "Kaluga"]
[Date "2016.08.10"]
[Round "5"]
[White "Ogurtzov, Igor"]
[Black "Mukhtarov, Firgan"]
[Result "1-0"]
[WhiteElo "1826"]
[BlackElo "1082"]
[PlyCount "49"]
[EventDate "2016.08.06"]
[EventType "swiss"]
[EventRounds "9"]
[EventCountry "RUS"]
[SourceTitle "CBM 174 Extra"]
[Source "ChessBase"]
[SourceDate "2016.10.10"]
[SourceVersion "1"]
[SourceVersionDate "2016.10.10"]
[SourceQuality "1"]

1. d4 d5 2. Nf3 Nc6 3. e3 e6 4. a3 Nf6 5. Bd3 Bd6 6. b3 0-0 7. Bb2 Re8 8. Ne5 Bd7 9. Nd2 a6 10. 0-0 b5 11. f4 Be7 12. g4 h6 13. g5 hxg5 14. fxg5 Nxe5 15. gxf6 Nxd3 16. fxe7 Nxb2 17. exd8Q Raxd8 18. Qh5 g6 19. Qh6 e5 20. dxe5 Rxe5 21. Rf3 Rh5 22. Qf4 Rf5 23. Qxc7 Rg5+ 24. Kh1 Rf8 25. Qxd7 1-0